[Event "European School-ch 2019"]
[Site "Mamaia"]
[Date "2019.06.05"]
[Round "6.11"]
[White "Balan, Bogdan"]
[Black "Ovcharenko, Hryhoriy"]
[Result "1-0"]
[WhiteElo "2027"]
[BlackElo "1740"]
[Annotator "NA RC"]
[PlyCount "81"]
[EventDate "2019.05.31"]
[EventType "swiss"]
[EventCountry "ROU"]
[SourceTitle "playchess.com"]
[Source "ChessBase"]
[SourceQuality "1"]
[TimeControl "40/5400+30:1800+30"]

1. d4 {[%emt 0:00:00]} d6 {[%emt 0:00:00]} 2. c4 {[%emt 0:00:00]} e5 {[%emt 0:00:00]} 3. d5 {[%emt 0:01:16]} f5 {[%emt 0:00:00]} 4. Nc3 {[%emt 0:00:21]} Nf6 {[%emt 0:00:18]} 5. g3 {[%emt 0:01:04]} Be7 {[%emt 0:02:18]} 6. Bg2 {[%emt 0:00:30] A41: 1 d4 d6: Tartakower System and Modern Defence} Nbd7 {[%emt 0:01:44]} (6... O-O 7. Nf3 a5 8. e4 Na6 9. exf5 Bxf5 10. O-O Qd7 11. Ng5 Nc5 12. Be3 Ng4 13. Nge4 Nxe4 14. Nxe4 {1-0 (59) Ponkratov,P (2613)-Sjugirov,S (2650) Riadh 2017}) 7. Nf3 {[%emt 0:02:22]} a5 {[%emt 0:03:47]} 8. O-O {[%emt 0:01:17]} O-O {[%emt 0:00:18]} 9. e4 $146 {[%emt 0:06:16]} ({Predecessor:} 9. b3 Nc5 10. Qc2 f4 11. gxf4 exf4 12. Ba3 Ng4 13. Nd4 {0-1 (34) Hejazipour,M (2297)-Pourkashiyan,A (2312) Teheran 2014}) 9... fxe4 {[%emt 0:11:36]} 10. Ng5 {[%emt 0:03:58]} Nc5 {[%emt 0:01:16]} 11. Ngxe4 {[%emt 0:01:29]} Nfxe4 {[%emt 0:01:29]} 12. Nxe4 {[%emt 0:00:29]} Nxe4 {[%emt 0:00:14]} 13. Bxe4 {[%emt 0:00:02]} g6 {[%emt 0:06:01]} 14. Bh6 {[%emt 0:02:25]} Rf7 {[%emt 0:00:53]} 15. Qc2 {[%emt 0:04:30]} Bf5 {[%emt 0:07:23]} 16. f4 {[%emt 0:04:05]} exf4 {[%emt 0:17:09]} 17. Rxf4 {[%emt 0:03:40]} Bg5 {[%emt 0:08:27]} 18. Bxg5 {[%emt 0:00:57]} Qxg5 {[%emt 0:00:06]} 19. Bxf5 {[%emt 0:02:03]} Rxf5 {[%emt 0:01:12]} 20. Rxf5 {[%emt 0:00:17]} Qxf5 {[%emt 0:00:46]} 21. Qxf5 {[%emt 0:00:21]} gxf5 {[%emt 0:00:04]} 22. Rf1 {[%emt 0:00:13]} Rf8 {[%emt 0:00:12]} 23. Kg2 {[%emt 0:00:40]} Kg7 {[%emt 0:00:09]} 24. Re1 {[%emt 0:00:26]} h6 {[%emt 0:02:23]} (24... Kf7 $14) 25. Kf3 {[%emt 0:00:16]} Rf7 {[%emt 0:00:48]} 26. Kf4 {[%emt 0:00:31]} b6 {[%emt 0:00:18]} 27. b3 {[%emt 0:01:34]} Kf8 {[%emt 0:02:00]} 28. Re6 {[%emt 0:00:58]} Kg7 {[%emt 0:00:09]} 29. Re2 {[%emt 0:00:30]} Kh7 {[%emt 0:00:12]} 30. a3 {[%emt 0:01:28]} Kg6 {[%emt 0:00:12]} 31. b4 {[%emt 0:00:26]} axb4 {[%emt 0:00:06]} 32. axb4 {[%emt 0:00:01]} Kg7 {[%emt 0:00:23]} 33. c5 {[%emt 0:00:29]} bxc5 {[%emt 0:01:08]} 34. bxc5 {[%emt 0:00:06]} dxc5 {[%emt 0:00:55]} 35. Rc2 {[%emt 0:00:12]} Kf6 $11 {[%emt 0:02:08]} 36. Rxc5 {[%emt 0:00:11]} Rd7 {[%emt 0:00:29]} 37. h3 {[%emt 0:04:44]} Rd6 {[%emt 0:02:04]} 38. h4 {[%emt 0:01:06]} Rd7 {[%emt 0:02:04]} 39. Rc6+ {[%emt 0:00:38]} Rd6 {[%emt 0:00:15]} 40. Rxd6+ {[%emt 0:00:00]} cxd6 {[%emt 0:00:00]} 41. h5 {[%emt 0:00:30]} 1-0

[Event "European School-ch 2019"]
[Site "Mamaia"]
[Date "2019.06.05"]
[Round "6.12"]
[White "Dobre, Radu-Fabian"]
[Black "Silich, Yahor"]
[Result "0-1"]
[WhiteElo "1978"]
[BlackElo "2082"]
[Annotator "NA RC"]
[PlyCount "88"]
[EventDate "2019.05.31"]
[EventType "swiss"]
[EventCountry "ROU"]
[SourceTitle "playchess.com"]
[Source "ChessBase"]
[SourceQuality "1"]
[TimeControl "40/5400+30:1800+30"]

1. e4 {[%emt 0:00:00]} c5 {[%emt 0:00:22]} 2. Nf3 {[%emt 0:00:00]} Nc6 {[%emt 0:00:05]} 3. Bb5 {[%emt 0:00:00]} g6 {[%emt 0:00:32]} 4. O-O {[%emt 0:00:20]} Bg7 {[%emt 0:00:25]} 5. Re1 {[%emt 0:00:07]} Nf6 {[%emt 0:01:05]} 6. e5 {[%emt 0:00:34]} Nd5 {[%emt 0:01:25]} 7. Nc3 {[%emt 0:00:20]} Nc7 {[%emt 0:00:51]} 8. Bxc6 {[%emt 0:00:06]} dxc6 {[%emt 0:00:12]} 9. Ne4 {[%emt 0:00:05]} Ne6 {[%emt 0:00:44]} 10. d3 {[%emt 0:00:36]} O-O {[%emt 0:01:34]} 11. Be3 {[%emt 0:00:28]} b6 {[%emt 0:00:43]} 12. Qd2 {[%emt 0:00:35]} Nd4 {[%emt 0:08:11]} 13. Nxd4 {[%emt 0:00:09]} cxd4 {[%emt 0:00:02]} 14. Bh6 {[%emt 0:00:00]} Qd7 {[%emt 0:11:47] B31: Sicilian: 2...Nc6 3 Bb5 g6} (14... c5 15. h4 Qd5 16. Bxg7 Kxg7 17. Ng3 Bb7 18. f3 Qe6 19. b3 {½-½ (19) Bacrot,E (2714)-Moiseenko,A (2699) Tromsoe 2013}) 15. Ng3 $146 {[%emt 0:05:13]} ({Predecessor:} 15. Bxg7 Kxg7 16. Qg5 h6 17. Qh4 c5 18. e6 fxe6 19. Re2 Bb7 20. Rae1 Rae8 21. f3 Bd5 22. b3 {1-0 (40) Jurcik,M (2496)-Kamody,M (2244) Slovakia 2012}) 15... f5 {[%emt 0:15:21]} 16. exf6 {[%emt 0:18:29]} exf6 {[%emt 0:00:09]} 17. Bxg7 {[%emt 0:00:09]} Kxg7 {[%emt 0:02:27]} 18. Re2 {[%emt 0:09:28]} Bb7 {[%emt 0:02:20]} 19. Rae1 {[%emt 0:07:18]} Rae8 {[%emt 0:00:49]} 20. f4 {[%emt 0:06:31]} c5 {[%emt 0:03:51]} 21. b3 {[%emt 0:05:55]} Bd5 {[%emt 0:12:59]} 22. f5 {[%emt 0:04:46]} g5 {[%emt 0:05:17]} 23. Nh5+ {[%emt 0:07:14]} Kf7 {[%emt 0:00:10]} 24. c4 {[%emt 0:00:13]} dxc3 {[%emt 0:09:47]} 25. Qxc3 {[%emt 0:00:01]} Qd8 {[%emt 0:03:41]} 26. Rxe8 {[%emt 0:00:18]} Rxe8 {[%emt 0:00:01]} 27. Rxe8 {[%emt 0:00:01]} Kxe8 {[%emt 0:00:01]} 28. Nxf6+ {[%emt 0:00:01]} Kf7 {[%emt 0:00:08]} 29. Nxd5 {[%emt 0:00:09]} Qxd5 {[%emt 0:00:02]} 30. Qc4 {[%emt 0:00:00]} Qxc4 {[%emt 0:00:22]} 31. dxc4 {[%emt 0:00:05]} g4 {[%emt 0:00:04]} 32. Kf2 {[%emt 0:09:47]} Kf6 {[%emt 0:00:06]} 33. Kg3 {[%emt 0:01:19]} Kxf5 {[%emt 0:00:20]} 34. Kh4 {[%emt 0:01:24]} Kf4 {[%emt 0:00:40]} 35. g3+ {[%emt 0:09:32]} Kf3 {[%emt 0:04:39]} 36. Kg5 {[%emt 0:00:13]} Kg2 {[%emt 0:05:05]} 37. Kxg4 {[%emt 0:00:06]} Kxh2 {[%emt 0:00:02]} 38. Kf3 {[%emt 0:00:06]} Kg1 {[%emt 0:04:58]} 39. g4 {[%emt 0:00:58]} h6 {[%emt 0:03:24]} 40. Kg3 {[%emt 0:00:00]} Kf1 {[%emt 0:00:00]} 41. Kh3 {[%emt 0:11:05]} Kf2 {[%emt 0:03:35]} 42. Kh2 {[%emt 0:02:04]} Kf3 {[%emt 0:00:59]} 43. Kh3 {[%emt 0:00:24]} Kf4 {[%emt 0:04:51]} 44. Kh4 {[%emt 0:00:14]} Ke4 $15 {[%emt 0:01:48]} (44... Ke3 $19 45. Kh5 Kf3) 0-1

[Event "European School-ch 2019"]
[Site "Mamaia"]
[Date "2019.06.05"]
[Round "6.13"]
[White "Levin, Guy"]
[Black "Simonyan, Grigori"]
[Result "0-1"]
[WhiteElo "2054"]
[BlackElo "2019"]
[Annotator "NA RC"]
[PlyCount "100"]
[EventDate "2019.05.31"]
[EventType "swiss"]
[EventCountry "ROU"]
[SourceTitle "playchess.com"]
[Source "ChessBase"]
[SourceQuality "1"]
[TimeControl "40/5400+30:1800+30"]

1. Nf3 {[%emt 0:00:00]} Nf6 {[%emt 0:00:00]} 2. c4 {[%emt 0:00:00]} e6 {[%emt 0:01:49]} 3. g3 {[%emt 0:00:02]} d5 {[%emt 0:00:21]} 4. Bg2 {[%emt 0:00:11]} Be7 {[%emt 0:00:11]} 5. O-O {[%emt 0:00:10]} O-O {[%emt 0:00:07]} 6. b3 {[%emt 0:00:08]} a5 {[%emt 0:02:02]} 7. Bb2 {[%emt 0:00:30]} a4 {[%emt 0:01:23]} 8. d4 {[%emt 0:00:23] A14: English Opening: 1...e6 with b3 by White} (8. e3 axb3 9. Qxb3 Nc6 10. cxd5 Qxd5 11. Qxd5 exd5 12. Rc1 Bd8 13. Nc3 Nb4 14. Ne5 c6 15. a3 Na6 {1-0 (65) Tomashevsky,E (2714)-Buhmann,R (2589) Berlin 2018}) 8... c6 {[%emt 0:01:38]} 9. Nc3 $146 ({Predecessor:} 9. Nbd2 Qa5 10. Qc2 b5 11. c5 a3 12. Bc1 Nbd7 13. e4 Nxe4 14. Nxe4 dxe4 15. Qxe4 {½-½ (71) Girish,A (2412)-Nguyen,D (2504) Bhopal 2017}) 9... b5 {[%emt 0:10:26]} 10. cxb5 {[%emt 0:01:26]} a3 {[%emt 0:00:23]} 11. Bc1 {[%emt 0:00:05]} cxb5 {[%emt 0:00:02]} 12. Ne5 {[%emt 0:04:24]} b4 {[%emt 0:07:21]} 13. Na4 {[%emt 0:00:47]} Nfd7 {[%emt 0:02:08]} 14. Nd3 {[%emt 0:01:04]} Nc6 {[%emt 0:00:14]} 15. e4 {[%emt 0:06:57]} Qa5 {[%emt 0:14:07]} 16. exd5 {[%emt 0:04:07]} exd5 {[%emt 0:00:05]} 17. Ndc5 {[%emt 0:01:07]} (17. Re1 $14) 17... Nxc5 {[%emt 0:04:51]} 18. Nxc5 {[%emt 0:07:34]} Nxd4 {[%emt 0:04:57]} 19. Qxd4 {[%emt 0:01:10]} Bxc5 {[%emt 0:03:38]} 20. Qxd5 {[%emt 0:01:15]} Ba6 {[%emt 0:00:06]} 21. Re1 {[%emt 0:11:53]} Rad8 {[%emt 0:02:13]} 22. Qe5 {[%emt 0:04:14]} Qb6 {[%emt 0:02:22]} 23. Be3 {[%emt 0:03:37]} Bxe3 {[%emt 0:00:24]} 24. Qxe3 {[%emt 0:01:07]} Qxe3 {[%emt 0:00:24]} 25. Rxe3 {[%emt 0:00:02]} Rd2 {[%emt 0:00:25]} 26. Re4 {[%emt 0:05:39]} Rb8 {[%emt 0:00:12]} ({Black should play} 26... Rfd8 $17) 27. Bf1 {[%emt 0:01:05]} f5 {[%emt 0:04:49]} 28. Re7 {[%emt 0:04:03]} Bxf1 {[%emt 0:00:18]} 29. Kxf1 {[%emt 0:01:00]} Rc8 {[%emt 0:01:24]} 30. Re2 {[%emt 0:01:49]} Rcc2 {[%emt 0:07:38]} 31. Rxd2 {[%emt 0:00:12]} Rxd2 {[%emt 0:00:04]} 32. Kg2 {[%emt 0:00:07]} Kf7 {[%emt 0:06:08]} 33. Rc1 {[%emt 0:01:18]} Rxa2 {[%emt 0:00:57]} 34. Rc4 {[%emt 0:00:01]} Rb2 {[%emt 0:05:29]} 35. Rxb4 {[%emt 0:00:08]} Rb1 {[%emt 0:00:08]} 36. Rb7+ {[%emt 0:04:33]} Kf6 {[%emt 0:00:18]} 37. Ra7 {[%emt 0:00:09]} Rxb3 {[%emt 0:00:03]} 38. Ra6+ {[%emt 0:13:14]} Ke5 {[%emt 0:03:09]} 39. Ra7 {[%emt 0:00:12]} Ke4 {[%emt 0:04:03]} 40. Rxg7 {[%emt 0:00:00]} a2 {[%emt 0:00:00]} 41. f3+ {[%emt 0:04:59]} Ke3 {[%emt 0:06:42]} 42. Re7+ {[%emt 0:00:25]} Kd2 {[%emt 0:00:56]} 43. Ra7 {[%emt 0:00:08]} Rb2 {[%emt 0:00:02]} 44. h4 {[%emt 0:10:34]} Ke3+ {[%emt 0:00:52]} 45. Kh3 {[%emt 0:01:46]} Kxf3 {[%emt 0:00:05]} 46. Ra5 {[%emt 0:00:12]} Ke2 {[%emt 0:06:15]} 47. h5 {[%emt 0:00:08]} Kd1 {[%emt 0:00:38]} 48. Rxf5 {[%emt 0:00:11]} Kc2 {[%emt 0:03:35]} (48... Rb1 $142 49. Ra5 a1=Q 50. Rxa1 Rxa1) 49. Ra5 {[%emt 0:00:44]} Kb1 {[%emt 0:02:56]} 50. Kg4 {[%emt 0:03:12]} a1=Q {[%emt 0:02:27]} 0-1

[Event "European School-ch 2019"]
[Site "Mamaia"]
[Date "2019.06.05"]
[Round "6.14"]
[White "Andreev, Konstantin"]
[Black "Tashev, Aleksandar"]
[Result "1/2-1/2"]
[WhiteElo "2276"]
[BlackElo "2119"]
[Annotator "RC"]
[PlyCount "64"]
[EventDate "2019.05.31"]
[EventType "swiss"]
[EventCountry "ROU"]
[SourceTitle "playchess.com"]
[Source "ChessBase"]
[SourceQuality "1"]
[TimeControl "40/5400+30:1800+30"]

1. Nf3 {[%emt 0:00:00]} Nf6 {[%emt 0:00:00]} 2. c4 {[%emt 0:00:00]} e6 {[%emt 0:00:08]} 3. e3 {[%emt 0:00:00]} b6 {[%emt 0:01:43]} 4. b3 {[%emt 0:00:01]} Bb7 {[%emt 0:00:50]} 5. Bb2 {[%emt 0:00:11]} d5 {[%emt 0:01:10]} 6. cxd5 {[%emt 0:00:14]} exd5 {[%emt 0:00:51]} 7. Be2 {[%emt 0:00:13]} Bd6 {[%emt 0:06:39]} 8. O-O {[%emt 0:00:17]} O-O {[%emt 0:01:08]} 9. Nc3 {[%emt 0:00:39]} a6 {[%emt 0:01:52]} 10. Rc1 {[%emt 0:00:51]} Nbd7 {[%emt 0:01:14]} 11. Qc2 {[%emt 0:01:53]} Re8 {[%emt 0:05:09]} 12. Rfd1 {[%emt 0:02:48]} Ne4 {[%emt 0:10:41]} 13. d3 {[%emt 0:01:35]} Ng5 {[%emt 0:01:08]} 14. Nd4 {[%emt 0:04:36]} Qf6 {[%emt 0:05:45]} 15. Nf3 {[%emt 0:08:36]} Qh6 {[%emt 0:07:21]} 16. h4 {[%emt 0:17:39]} Nxf3+ {[%emt 0:19:43]} 17. Bxf3 {[%emt 0:00:15]} Ne5 {[%emt 0:05:31]} 18. Bxd5 {[%emt 0:04:24]} c6 {[%emt 0:06:48]} 19. d4 {[%emt 0:11:36]} Ng4 {[%emt 0:04:29]} 20. Bf3 {[%emt 0:09:02]} Qxh4 {[%emt 0:00:58]} 21. Ne4 {[%emt 0:04:35]} Bh2+ {[%emt 0:02:28]} 22. Kf1 {[%emt 0:00:43]} f5 {[%emt 0:00:17]} 23. Bxg4 {[%emt 0:02:06]} fxe4 {[%emt 0:01:56]} 24. Bh3 {[%emt 0:11:18]} a5 {[%emt 0:03:33]} 25. Rd2 {[%emt 0:01:35]} Rf8 {[%emt 0:01:28]} 26. Ke1 {[%emt 0:04:05]} Rxf2 {[%emt 0:05:03]} 27. Rxf2 {[%emt 0:00:32]} Rf8 {[%emt 0:00:15]} 28. Kf1 {[%emt 0:00:33]} Ba6+ {[%emt 0:00:14]} 29. Ke1 {[%emt 0:01:02]} Bg3 {[%emt 0:01:03]} 30. Qxc6 {[%emt 0:03:42]} Bxf2+ {[%emt 0:01:16]} 31. Kd2 {[%emt 0:00:54]} Bxe3+ {[%emt 0:00:28]} 32. Kxe3 Qf4# {[%emt 0:00:12]} 1/2-1/2

[Event "European School-ch 2019"]
[Site "Mamaia"]
[Date "2019.06.05"]
[Round "6.15"]
[White "Nastore, Pavel-Alexandru"]
[Black "Dias, Savin"]
[Result "1-0"]
[WhiteElo "1942"]
[BlackElo "1858"]
[Annotator "NA RC"]
[PlyCount "105"]
[EventDate "2019.05.31"]
[EventType "swiss"]
[EventCountry "ROU"]
[SourceTitle "playchess.com"]
[Source "ChessBase"]
[SourceQuality "1"]
[TimeControl "40/5400+30:1800+30"]

1. d4 {[%emt 0:00:00]} Nf6 {[%emt 0:00:00]} 2. c4 {[%emt 0:00:00]} e6 {[%emt 0:00:00]} 3. Nc3 {[%emt 0:00:00]} Bb4 {[%emt 0:00:00]} 4. Qc2 {[%emt 0:00:00]} O-O {[%emt 0:00:00]} 5. Nf3 {[%emt 0:00:00]} c5 {[%emt 0:01:04]} 6. dxc5 {[%emt 0:00:15]} Na6 {[%emt 0:00:28]} 7. g3 {[%emt 0:08:42]} Nxc5 {[%emt 0:00:39]} 8. Bd2 {[%emt 0:05:03]} b6 {[%emt 0:02:54]} 9. Bg2 {[%emt 0:03:09]} Bb7 {[%emt 0:00:27]} 10. O-O {[%emt 0:03:26]} h6 $146 {[%emt 0:05:17] E39: Nimzo-Indian: Classical: 4...c5 5 dxc5 0-0} ({Predecessor:} 10... Rc8 11. Nb5 Bxd2 12. Nxd2 Bxg2 13. Kxg2 a6 14. Nc3 d5 15. cxd5 exd5 16. Rad1 Qe7 17. Nf3 Nce4 18. Qd3 Nxc3 19. bxc3 {0-1 (46) Carleton,J (2293)-Gordon,S (2528) England 2017}) 11. Rfd1 {[%emt 0:03:21]} Rc8 {[%emt 0:04:05]} 12. Ne5 {[%emt 0:19:33]} Bxg2 {[%emt 0:04:10]} 13. Kxg2 {[%emt 0:00:06]} Qc7 {[%emt 0:05:10]} 14. Nb5 {[%emt 0:09:19]} Qxe5 {[%emt 0:01:15]} 15. Bxb4 {[%emt 0:00:08]} a5 {[%emt 0:04:17]} 16. Bc3 {[%emt 0:03:31]} Qe4+ {[%emt 0:00:54]} 17. Qxe4 {[%emt 0:00:34]} Ncxe4 {[%emt 0:00:12]} 18. Bxf6 {[%emt 0:00:58]} Nxf6 {[%emt 0:00:08]} 19. Nd6 {[%emt 0:00:15]} Rc7 {[%emt 0:03:34]} 20. b3 {[%emt 0:01:22]} Rd8 {[%emt 0:00:39]} 21. Rd2 {[%emt 0:08:14]} Kf8 {[%emt 0:01:14]} 22. Rad1 {[%emt 0:00:16]} Ke7 {[%emt 0:00:36]} 23. e4 {[%emt 0:01:12]} Ne8 $16 {[%emt 0:07:36]} 24. e5 {[%emt 0:02:59]} f5 {[%emt 0:03:16]} 25. f4 {[%emt 0:01:22]} g5 {[%emt 0:01:44]} 26. h4 {[%emt 0:02:57]} g4 {[%emt 0:01:41]} 27. Kf2 {[%emt 0:00:14]} Ra7 {[%emt 0:02:58]} 28. Nb5 {[%emt 0:00:11]} Raa8 {[%emt 0:01:12]} 29. Ke3 {[%emt 0:01:18]} Rac8 {[%emt 0:01:02]} 30. Rd4 {[%emt 0:00:25]} Rc6 {[%emt 0:02:11]} 31. R1d3 {[%emt 0:00:07]} Rcc8 {[%emt 0:05:58]} 32. a3 {[%emt 0:00:33]} Nc7 {[%emt 0:03:07]} 33. Nd6 {[%emt 0:01:44]} Rb8 {[%emt 0:00:29]} 34. Nf7 {[%emt 0:04:57]} Na6 {[%emt 0:04:34]} 35. Nxd8 {[%emt 0:00:18]} Rxd8 {[%emt 0:00:05]} 36. Rd6 {[%emt 0:00:55]} Nc5 {[%emt 0:00:10]} 37. Rxb6 {[%emt 0:00:48]} Nxd3 {[%emt 0:00:05]} 38. Kxd3 {[%emt 0:00:02]} Ra8 {[%emt 0:00:16]} 39. Kd4 {[%emt 0:00:11]} Kd8 {[%emt 0:04:35]} 40. c5 {[%emt 0:00:00]} Kc7 {[%emt 0:00:00]} 41. Kc4 {[%emt 0:00:53]} Ra7 {[%emt 0:08:42]} 42. Kb5 {[%emt 0:00:22]} Ra8 {[%emt 0:00:09]} 43. b4 {[%emt 0:02:33]} axb4 {[%emt 0:00:08]} 44. Kxb4 {[%emt 0:00:03]} Ra7 {[%emt 0:00:18]} 45. a4 {[%emt 0:00:04]} Ra8 {[%emt 0:00:08]} 46. a5 {[%emt 0:00:04]} Ra7 {[%emt 0:00:04]} 47. a6 {[%emt 0:00:26]} Ra8 {[%emt 0:01:10]} 48. Kb5 {[%emt 0:00:42]} Ra7 {[%emt 0:00:32]} 49. h5 {[%emt 0:01:15]} Ra8 {[%emt 0:01:08]} 50. Rb7+ {[%emt 0:00:08]} Kc8 {[%emt 0:00:10]} 51. Kb6 {[%emt 0:00:05]} Kd8 {[%emt 0:00:18]} 52. a7 {[%emt 0:01:26]} Kc8 {[%emt 0:00:12]} 53. c6 1-0

[Event "European School-ch 2019"]
[Site "Mamaia"]
[Date "2019.06.05"]
[Round "6.16"]
[White "Baranciuc, Alexandr"]
[Black "Triboi, Alexander"]
[Result "1/2-1/2"]
[WhiteElo "1900"]
[BlackElo "1748"]
[Annotator "NA RC"]
[PlyCount "137"]
[EventDate "2019.05.31"]
[EventType "swiss"]
[EventCountry "ROU"]
[SourceTitle "playchess.com"]
[Source "ChessBase"]
[SourceQuality "1"]
[TimeControl "40/5400+30:1800+30"]

1. e4 {[%emt 0:00:00]} Nf6 {[%emt 0:00:00]} 2. e5 {[%emt 0:00:02]} Nd5 {[%emt 0:00:00]} 3. d4 {[%emt 0:00:11]} d6 {[%emt 0:00:00]} 4. c4 {[%emt 0:00:07]} Nb6 {[%emt 0:00:00]} 5. exd6 {[%emt 0:01:08]} exd6 {[%emt 0:00:05]} 6. Nc3 {[%emt 0:01:04]} Be7 {[%emt 0:01:57]} 7. Bd3 {[%emt 0:01:33]} O-O {[%emt 0:00:05]} 8. Nge2 {[%emt 0:02:03]} Nc6 {[%emt 0:00:34]} 9. O-O {[%emt 0:00:46]} Nb4 {[%emt 0:02:10] B03: Alekhine's Defence: Four Pawns Attack} 10. Bb1 {[%emt 0:12:10]} c6 {[%emt 0:04:59]} 11. b3 {[%emt 0:01:49]} d5 {[%emt 0:02:28]} 12. c5 {[%emt 0:03:07]} Nd7 {[%emt 0:01:37]} 13. Bf4 $146 {[%emt 0:01:30]} ({Predecessor:} 13. Ng3 g6 14. Bh6 Re8 15. a3 {0-1 (34) Lomasov,S (2516)-Gordievsky,D (2610) Khanty-Mansiysk 2017}) 13... Re8 {[%emt 0:14:50]} 14. Qd2 {[%emt 0:05:03]} Na6 {[%emt 0:01:05]} 15. a3 {[%emt 0:05:09]} Nc7 {[%emt 0:01:24]} 16. Bg3 {[%emt 0:00:36]} Nf8 {[%emt 0:08:25]} 17. h3 {[%emt 0:19:59]} Bf6 {[%emt 0:08:40]} 18. Bc2 {[%emt 0:01:46]} Nfe6 {[%emt 0:01:56]} 19. Qd3 {[%emt 0:04:00]} g6 {[%emt 0:01:41]} 20. Bd6 {[%emt 0:10:12]} Ng7 {[%emt 0:18:15]} 21. g4 {[%emt 0:00:53]} h5 {[%emt 0:00:38]} 22. f3 {[%emt 0:00:55]} Bg5 {[%emt 0:06:10]} 23. Nf4 {[%emt 0:06:18]} Bxf4 {[%emt 0:05:55]} 24. Bxf4 {[%emt 0:00:04]} Nce6 {[%emt 0:04:27]} 25. Bg3 {[%emt 0:02:19]} f5 {[%emt 0:00:50]} 26. Ne2 {[%emt 0:00:52]} Qf6 {[%emt 0:02:17]} 27. Rae1 {[%emt 0:10:16]} Bd7 {[%emt 0:01:43]} 28. Be5 {[%emt 0:03:42]} Qh4 {[%emt 0:01:59]} 29. Kg2 {[%emt 0:01:35]} Qg5 {[%emt 0:04:14]} 30. f4 {[%emt 0:00:35]} Qd8 {[%emt 0:00:52]} 31. g5 {[%emt 0:00:06]} Qe7 {[%emt 0:02:01]} (31... Bc8 $142) 32. Nc3 {[%emt 0:01:28]} Qd8 {[%emt 0:01:10]} 33. b4 {[%emt 0:00:23]} Bc8 {[%emt 0:00:56]} 34. Ba4 {[%emt 0:01:41]} Bd7 {[%emt 0:00:51]} 35. Bf6 {[%emt 0:01:18]} Qc7 {[%emt 0:00:18]} 36. Be5 {[%emt 0:00:06]} Qd8 {[%emt 0:00:01]} 37. Bf6 {[%emt 0:01:31]} Qc7 {[%emt 0:00:05]} 38. Be5 {[%emt 0:00:01]} Qd8 {[%emt 0:00:30]} 39. Bb3 {[%emt 0:00:30]} Bc8 {[%emt 0:01:28]} 40. Kh2 {[%emt 0:00:00]} Kf7 {[%emt 0:00:00]} 41. Ne2 {[%emt 0:02:32]} Kg8 {[%emt 0:04:17]} 42. Ng1 {[%emt 0:00:07]} Nf8 {[%emt 0:03:12]} (42... b6 $16) 43. Nf3 {[%emt 0:10:00]} Be6 {[%emt 0:02:33]} 44. Rb1 {[%emt 0:07:05]} Bd7 {[%emt 0:05:35]} 45. a4 {[%emt 0:02:50]} Be6 {[%emt 0:03:05]} 46. Qc2 {[%emt 0:00:26]} Nd7 {[%emt 0:01:42]} 47. b5 {[%emt 0:01:13]} Kh7 {[%emt 0:01:56]} 48. bxc6 {[%emt 0:01:34]} bxc6 {[%emt 0:00:04] [#]} 49. Bd6 $1 {[%emt 0:00:25]} a5 {[%emt 0:02:27]} 50. Ba2 {[%emt 0:00:20]} Ra7 {[%emt 0:01:56]} 51. Ne5 {[%emt 0:01:02]} Nxe5 {[%emt 0:01:48]} 52. Bxe5 {[%emt 0:01:00]} Bd7 {[%emt 0:03:51]} 53. Rb6 {[%emt 0:00:46]} Kg8 {[%emt 0:02:05]} (53... Qe7 $16 54. Qd2 Ne6) 54. Rfb1 {[%emt 0:00:27]} Ra8 $2 {[%emt 0:01:21]} (54... Ne6 {keeps fighting.} 55. Qg2 Kf7) 55. Rb7 {[%emt 0:01:17]} Ne6 {[%emt 0:00:47]} 56. Rb8 {[%emt 0:05:32]} Rxb8 {[%emt 0:00:50]} 57. Rxb8 {[%emt 0:00:05]} Qe7 {[%emt 0:00:05]} 58. Qb1 {[%emt 0:00:34]} Rxb8 {[%emt 0:01:10]} 59. Qxb8+ {[%emt 0:00:05]} Qe8 {[%emt 0:00:51]} 60. Qa7 {[%emt 0:00:42]} Kf7 {[%emt 0:01:39] [#]} 61. Bxd5 $11 {[%emt 0:02:39]} ({Less strong is} 61. Qxa5 Nxf4 62. Qc3 Ne6 $14) ({White has to play} 61. Kg3 $1 $18) 61... cxd5 {[%emt 0:00:07]} 62. c6 $1 {[%emt 0:00:01] Pin} Ke7 {[%emt 0:01:08]} 63. cxd7 {[%emt 0:02:12]} Qxd7 {[%emt 0:00:01]} 64. Qxa5 {[%emt 0:00:20]} Qb7 {[%emt 0:00:42]} 65. Qb5 {[%emt 0:00:42]} Qxb5 {[%emt 0:00:46]} 66. axb5 {[%emt 0:00:05]} Kd7 {[%emt 0:00:07]} 67. Kg3 Kc8 68. Kf3 Kd7 69. Kg3 1/2-1/2